<?xml version="1.0" encoding="UTF-8"?>
<marc:record xmlns:marc="http://www.loc.gov/MARC21/slim">
   <marc:leader>00000nam a2200000 a 4500</marc:leader>
   <marc:datafield ind1=" " ind2=" " tag="653">
      <marc:subfield code="a">Stadtplan Rom</marc:subfield>
   </marc:datafield>
   <marc:datafield ind1=" " ind2=" " tag="653">
      <marc:subfield code="a">Campo de Fiori</marc:subfield>
   </marc:datafield>
   <marc:datafield ind1=" " ind2=" " tag="653">
      <marc:subfield code="a">Kapitol</marc:subfield>
   </marc:datafield>
   <marc:datafield ind1=" " ind2=" " tag="653">
      <marc:subfield code="a">Kirchen in Rom</marc:subfield>
   </marc:datafield>
   <marc:datafield ind1=" " ind2=" " tag="653">
      <marc:subfield code="a">Lateran</marc:subfield>
   </marc:datafield>
   <marc:datafield ind1=" " ind2=" " tag="653">
      <marc:subfield code="a">Caracalla</marc:subfield>
   </marc:datafield>
   <marc:datafield ind1=" " ind2=" " tag="653">
      <marc:subfield code="a">Vatikan</marc:subfield>
   </marc:datafield>
   <marc:datafield ind1=" " ind2=" " tag="653">
      <marc:subfield code="a">Reiseführer Rom</marc:subfield>
   </marc:datafield>
   <marc:datafield ind1=" " ind2=" " tag="653">
      <marc:subfield code="a">Rom Reiseführer</marc:subfield>
   </marc:datafield>
   <marc:datafield ind1=" " ind2=" " tag="653">
      <marc:subfield code="a">Reiseführer Rom 2020</marc:subfield>
   </marc:datafield>
   <marc:datafield ind1=" " ind2=" " tag="653">
      <marc:subfield code="a">Rom Reiseführer 2020</marc:subfield>
   </marc:datafield>
   <marc:datafield ind1=" " ind2=" " tag="653">
      <marc:subfield code="a">Rom Sehenswürdigkeiten</marc:subfield>
   </marc:datafield>
   <marc:datafield ind1=" " ind2=" " tag="653">
      <marc:subfield code="a">Sehenswürdigkeiten Rom</marc:subfield>
   </marc:datafield>
   <marc:datafield ind1=" " ind2=" " tag="653">
      <marc:subfield code="a">Rom Urlaub</marc:subfield>
   </marc:datafield>
   <marc:datafield ind1=" " ind2=" " tag="653">
      <marc:subfield code="a">Rom Reise</marc:subfield>
   </marc:datafield>
   <marc:datafield ind1=" " ind2=" " tag="653">
      <marc:subfield code="a">Reise nach Rom</marc:subfield>
   </marc:datafield>
   <marc:datafield ind1=" " ind2=" " tag="653">
      <marc:subfield code="a">Rom Tipps</marc:subfield>
   </marc:datafield>
   <marc:datafield ind1=" " ind2=" " tag="653">
      <marc:subfield code="a">Die ewige Stadt</marc:subfield>
   </marc:datafield>
   <marc:datafield ind1=" " ind2=" " tag="653">
      <marc:subfield code="a">Sightseeing Rom</marc:subfield>
   </marc:datafield>
   <marc:datafield ind1=" " ind2=" " tag="653">
      <marc:subfield code="a">Rom Wochenende</marc:subfield>
   </marc:datafield>
   <marc:datafield ind1=" " ind2=" " tag="653">
      <marc:subfield code="a">welcher Reiseführer für Rom</marc:subfield>
   </marc:datafield>
   <marc:datafield ind1=" " ind2=" " tag="653">
      <marc:subfield code="a">bester Reiseführer Rom</marc:subfield>
   </marc:datafield>
   <marc:datafield ind1=" " ind2=" " tag="653">
      <marc:subfield code="a">Reiseführer Empfehlung Rom</marc:subfield>
   </marc:datafield>
   <marc:datafield ind1=" " ind2=" " tag="653">
      <marc:subfield code="a">was machen in Rom</marc:subfield>
   </marc:datafield>
   <marc:datafield ind1=" " ind2=" " tag="653">
      <marc:subfield code="a">wo ist Rom am schönsten</marc:subfield>
   </marc:datafield>
   <marc:datafield ind1=" " ind2=" " tag="653">
      <marc:subfield code="a">wohin in Rom</marc:subfield>
   </marc:datafield>
   <marc:datafield ind1=" " ind2=" " tag="653">
      <marc:subfield code="a">Rom Reisetipps</marc:subfield>
   </marc:datafield>
   <marc:datafield ind1=" " ind2=" " tag="653">
      <marc:subfield code="a">Kurztrip Rom</marc:subfield>
   </marc:datafield>
   <marc:datafield ind1=" " ind2=" " tag="653">
      <marc:subfield code="a">Wochenendtrip Rom</marc:subfield>
   </marc:datafield>
   <marc:datafield ind1=" " ind2=" " tag="653">
      <marc:subfield code="a">Wochenende in Rom</marc:subfield>
   </marc:datafield>
   <marc:datafield ind1=" " ind2=" " tag="653">
      <marc:subfield code="a">Wochenendreise Rom</marc:subfield>
   </marc:datafield>
   <marc:datafield ind1=" " ind2=" " tag="653">
      <marc:subfield code="a">Städtetrip Rom</marc:subfield>
   </marc:datafield>
   <marc:datafield ind1=" " ind2=" " tag="653">
      <marc:subfield code="a">Städtereise Rom</marc:subfield>
   </marc:datafield>
   <marc:datafield ind1=" " ind2=" " tag="653">
      <marc:subfield code="a">Rom entdecken</marc:subfield>
   </marc:datafield>
   <marc:datafield ind1=" " ind2=" " tag="653">
      <marc:subfield code="a">Stadtführer Rom</marc:subfield>
   </marc:datafield>
   <marc:datafield ind1=" " ind2=" " tag="653">
      <marc:subfield code="a">Spaziergänge Rom</marc:subfield>
   </marc:datafield>
   <marc:datafield ind1=" " ind2=" " tag="653">
      <marc:subfield code="a">Urlaub Rom</marc:subfield>
   </marc:datafield>
   <marc:datafield ind1=" " ind2=" " tag="653">
      <marc:subfield code="a">Rom interessante Orte</marc:subfield>
   </marc:datafield>
   <marc:datafield ind1=" " ind2=" " tag="653">
      <marc:subfield code="a">Rom reisen</marc:subfield>
   </marc:datafield>
   <marc:datafield ind1=" " ind2=" " tag="653">
      <marc:subfield code="a">Rom Sightseeing</marc:subfield>
   </marc:datafield>
   <marc:datafield ind1=" " ind2=" " tag="653">
      <marc:subfield code="a">wohin in Italien</marc:subfield>
   </marc:datafield>
   <marc:datafield ind1=" " ind2=" " tag="653">
      <marc:subfield code="a">Rom Geheimtipps</marc:subfield>
   </marc:datafield>
   <marc:datafield ind1=" " ind2=" " tag="653">
      <marc:subfield code="a">City Guide Rom</marc:subfield>
   </marc:datafield>
   <marc:datafield ind1=" " ind2=" " tag="653">
      <marc:subfield code="a">Urlaub in Rom</marc:subfield>
   </marc:datafield>
   <marc:datafield ind1=" " ind2=" " tag="653">
      <marc:subfield code="a">Museen Rom</marc:subfield>
   </marc:datafield>
   <marc:datafield ind1=" " ind2=" " tag="653">
      <marc:subfield code="a">Städteführer Rom</marc:subfield>
   </marc:datafield>
   <marc:datafield ind1=" " ind2=" " tag="653">
      <marc:subfield code="a">Reiseführer Italien</marc:subfield>
   </marc:datafield>
   <marc:datafield ind1=" " ind2=" " tag="653">
      <marc:subfield code="a">City Trip Rom</marc:subfield>
   </marc:datafield>
   <marc:datafield ind1=" " ind2=" " tag="653">
      <marc:subfield code="a">Reise Rom</marc:subfield>
   </marc:datafield>
   <marc:datafield ind1=" " ind2=" " tag="653">
      <marc:subfield code="a">Forum Romanum</marc:subfield>
   </marc:datafield>
   <marc:datafield ind1=" " ind2=" " tag="653">
      <marc:subfield code="a">Piazza Navona</marc:subfield>
   </marc:datafield>
   <marc:datafield ind1=" " ind2=" " tag="653">
      <marc:subfield code="a">Ostia Antica</marc:subfield>
   </marc:datafield>
   <marc:datafield ind1=" " ind2=" " tag="653">
      <marc:subfield code="a">Vatikanstadt</marc:subfield>
   </marc:datafield>
   <marc:datafield ind1=" " ind2=" " tag="653">
      <marc:subfield code="a">Via Veneto</marc:subfield>
   </marc:datafield>
   <marc:datafield ind1=" " ind2=" " tag="653">
      <marc:subfield code="a">Galleria Borghese</marc:subfield>
   </marc:datafield>
   <marc:datafield ind1=" " ind2=" " tag="653">
      <marc:subfield code="a">Esquilin</marc:subfield>
   </marc:datafield>
   <marc:datafield ind1=" " ind2=" " tag="653">
      <marc:subfield code="a">Gianicolo</marc:subfield>
   </marc:datafield>
   <marc:datafield ind1=" " ind2=" " tag="653">
      <marc:subfield code="a">Piazza di Spagna</marc:subfield>
   </marc:datafield>
   <marc:datafield ind1=" " ind2=" " tag="653">
      <marc:subfield code="a">Piazza della Rotonda</marc:subfield>
   </marc:datafield>
   <marc:datafield ind1=" " ind2=" " tag="653">
      <marc:subfield code="a">Quirinal</marc:subfield>
   </marc:datafield>
   <marc:datafield ind1=" " ind2=" " tag="653">
      <marc:subfield code="a">Kaiserforen</marc:subfield>
   </marc:datafield>
   <marc:datafield ind1=" " ind2=" " tag="653">
      <marc:subfield code="a">Palatin</marc:subfield>
   </marc:datafield>
   <marc:datafield ind1=" " ind2=" " tag="653">
      <marc:subfield code="a">Aventin</marc:subfield>
   </marc:datafield>
   <marc:datafield ind1=" " ind2=" " tag="653">
      <marc:subfield code="a">Kolosseum</marc:subfield>
   </marc:datafield>
   <marc:datafield ind1=" " ind2=" " tag="653">
      <marc:subfield code="a">spanische Treppe</marc:subfield>
   </marc:datafield>
   <marc:datafield ind1=" " ind2=" " tag="653">
      <marc:subfield code="a">Pantheon</marc:subfield>
   </marc:datafield>
   <marc:datafield ind1=" " ind2=" " tag="653">
      <marc:subfield code="a">Trastevere</marc:subfield>
   </marc:datafield>
   <marc:datafield ind1=" " ind2=" " tag="653">
      <marc:subfield code="a">Softcover / Reisen/Reiseführer/Europa</marc:subfield>
   </marc:datafield>
   <marc:datafield ind1="0" ind2="0" tag="245">
      <marc:subfield code="a">Vis-à-Vis Reiseführer Rom</marc:subfield>
   </marc:datafield>
   <marc:datafield ind1="0" ind2="0" tag="245">
      <marc:subfield code="b">mit Extra-Karte zum Herausnehmen</marc:subfield>
   </marc:datafield>
   <marc:datafield ind1=" " ind2="1" tag="264">
      <marc:subfield code="a">München</marc:subfield>
      <marc:subfield code="b">Dorling Kindersley Reiseführer</marc:subfield>
      <marc:subfield code="c">2020</marc:subfield>
   </marc:datafield>
   <marc:datafield ind1="1" ind2=" " tag="490">
      <marc:subfield code="a">Vis-à-Vis</marc:subfield>
   </marc:datafield>
   <marc:datafield ind1=" " ind2=" " tag="250">
      <marc:subfield code="a">24., aktualisierte Neuauflage 2020/2021</marc:subfield>
   </marc:datafield>
   <marc:datafield ind1="1" ind2=" " tag="520">
      <marc:subfield code="a">Angaben aus der Verlagsmeldung

Vis-à-Vis Reiseführer Rom : mit Extra-Karte zum Herausnehmen

Auf nach Rom – hier und jetzt beginnt Ihre Reise!

Michelangelos Fresken in der Sixtinischen Kapelle bestaunen, eine Münze in die Fontana di Trevi werfen oder auf den Spuren der Gladiatoren im Kolosseum wandeln – Rom ist einfach magisch. Mit ausführlichem Expertenwissen, den berühmten 3-D-Aufrisszeichnungen, einer wetterfesten Extra-Karte zum Herausnehmen und über 450 stimmungsvollen Fotos können Sie die Stadt Ihrer Träume hautnah erleben. Dieser Reiseführer Rom ist der ultimative Begleiter für alle Kulturinteressierten!

10 Gründe, Vis-à-Vis-Reiseführer zu lieben:

1. Unverwechselbar visuelles Konzept.

2. Inspirierende Fotos versetzen direkt ans Reiseziel.

3. Einzigartige 3-D-Aufrisszeichnungen der spannendsten Bauwerke und gezeichnete Spaziergänge durch die schönsten Stadtteile.

4. Atmosphärische Themenseiten zum Reiseziel: von Kultur bis Genuss.

5. Hohe Benutzerfreundlichkeit durch klare Struktur.

6. Alle Highlights und Sehenswürdigkeiten Viertel für Viertel.

7. Detaillierte Karten mit allen vor Ort wichtigen Infos.

8. Alles Wichtige für die Reiseplanung kompakt – mit wasserfester Karte zum Herausnehmen.

9. Mehr Reisekomfort durch geringeres Gewicht und hochwertige Verarbeitung.

10. Vis-à-Vis bietet in höchster Qualität, was Reisende über Kulturgeschichte und Lebensart wissen wollen.

Reiseführer Rom – alle Buch-Highlights auf einen Blick:

• Die ewige Stadt wartet auf Sie: Lassen Sie sich mit dem praktischen und informativen Rom-Reiseführer zu den schönsten Erlebnissen, Attraktionen und Sehenswürdigkeiten Roms führen – genießen Sie die atemberaubende Aussicht von der Kirche Trinità dei Monti am oberen Ende der Spanischen Treppe auf die Piazza di Spagna oder begeben Sie sich bei einer Virtual Reality Tour, die die Caracalla-Thermen als erste archäologische Stätte Italiens anbietet, auf Zeitreise in die Antike.

• Die schönsten Stadtteile: Die fabelhaftesten Orte stellen sich Ihnen im Reiseführer Rom Viertel für Viertel in ihrer gesamten Pracht vor – mit fundierten und qualitativen Inhalten sowie unvergesslichen Highlights aus Kultur und Alltag. Vom Vatikan, dem kleinsten Staat der Welt, über Campo de' Fiori mit seinen bunten Märkten bis nach Lateran, dessen Palazzo del Laterano im Mittelalter Sitz der Päpste war. Spannende Ausflugstipps nehmen Sie auch mit in die Umgebung, wie beispielsweise in Roms einstige Hafenstadt Ostia Antica.

• Das Beste für Ihren Rom Urlaub: Ob für 24 Stunden, ein verlängertes Wochenende oder mehr – eine Reise nach Rom lohnt sich! Für alle, die nur wenig Zeit haben, die Stadt zu erkunden, gibt es hier facettenreiche Rom Tipps, um das Beste aus ihrem Kurztrip herauszuholen: So führt Sie der Tourenvorschlag „3 Tage in Rom“ frühmorgens zum noch fast leeren Petersplatz, wo sie zusammen mit Nonnen, Priestern und Pilgern in den Petersdom gehen. Sie besichtigen unter anderem die Villa Borghese, das Forum Romanum und das Pantheon. Einen der Abende lassen Sie in einem der vielen Restaurants um die Piazza Santa Maria im schönen Trastevere ausklingen.

• Handgezeichnete 3-D-Aufrisszeichnungen: Absolute Highlights eröffnen die Stadtteilkapitel. Das Besondere: Statt sie nur zu beschreiben, werden sie in diesem Rom-Reiseführer großzügig in Szene gesetzt – mit sensationellen 3-D-Aufrisszeichnungen, die jedes Detail aus der Vogelperspektive zeigen. Sie bieten ganz neue und einmalige Einblicke in Roms Sehenswürdigkeiten – von der schönen Basilika Santa Maria Maggiore bis zum Innenraum des Petersdoms.

• Ausgewählte Top-Themen: Auf den bildgewaltigen Themenseiten des Rom-Reiseführers stehen charakteristische Besonderheiten im Fokus. Entdecken Sie Roms einzigartige Architektur sowie die Meisterwerke der Kunstgeschichte oder das quirlige Leben am Abend mit Theateraufführungen, Festivals oder Live-Konzerten.

• Unvergessliche Spaziergänge: Entlang der beeindruckendsten Sehenswürdigkeiten Roms spazieren und dabei alles Wichtige über Kirchen, Monumente, Museen oder Plätze erfahren: Handgezeichnete Spaziergänge nehmen Sie mit auf eine erlebnisreiche Route – zum Beispiel von der Piazza Venezia aufs Kapitol oder rund um die Piazza Navona.

• Inspirierende Fotografien: Ob prächtige Plätze und Brunnen, antike Stätten, Renaissance-Paläste oder das berühmte dolce vita: Atmosphärische Sehnsuchtsbilder wecken Ihr Fernweh! Dank der wunderschönen und faszinierenden Fotos bringt Sie dieser Rom-Reiseführer gedanklich schon beim Durchblättern direkt ans Reiseziel.

• Hohe Benutzerfreundlichkeit: Detaillierte, übersichtliche und große Karten ermöglichen es Ihnen, sich vor Ort zu orientieren. Sie weisen bereits auf einen Blick den Weg zu Restaurants, Hotels, Shops oder Sehenswürdigkeiten. Auch dank des Metro-Fahrplans navigieren Sie sich ganz einfach durch Ihr Abenteuer. Mit einer wetterfesten Extra-Karte zum Herausnehmen hält Sie selbst bei schlechtem Wetter nichts vom Sightseeing in Rom ab.

• Praktische Reiseplanung: Im Reiseführer Rom finden Sie zusätzlich nützliche Informationen zu Themen wie Anreise, Gesundheit oder Mobilität vor Ort – und zwar übersichtlich auf einen Blick.

• Passt in jeden Rucksack: Ihr formschöner und hochwertiger Rom-Reiseführer ist ein echtes Leichtgewicht und lässt sich deshalb prima mitnehmen.

Sie sind auf der Suche nach Tipps für Ihre Rom Reise? Jetzt einfach den DK Vis-à-Vis Reiseführer Rom aufschlagen und eintauchen – er entführt Sie mitten hinein ins Urlaubsziel.

</marc:subfield>
   </marc:datafield>
   <marc:datafield ind1=" " ind2=" " tag="020">
      <marc:subfield code="a">9783734202445</marc:subfield>
      <marc:subfield code="9">9783734202445</marc:subfield>
   </marc:datafield>
   <marc:datafield ind1=" " ind2=" " tag="020">
      <marc:subfield code="a">3734202442</marc:subfield>
      <marc:subfield code="9">3734202442</marc:subfield>
   </marc:datafield>
   <marc:datafield ind1=" " ind2=" " tag="041">
      <marc:subfield code="a">ger</marc:subfield>
   </marc:datafield>
   <marc:datafield ind1=" " ind2=" " tag="300">
      <marc:subfield code="a">352 Seiten in 1 Teil</marc:subfield>
   </marc:datafield>
</marc:record>
